00357nam a2200145Ia 4500003000400000005001700004008004100021040000700062041000800069082002100077100001700098245003900115260004400154365001300198OSt20230606201701.0210423s2006 xx 000 0 und d cAL aeng a302.2 223bADLU aADLER (R B). aUnderstanding human communication. aNew YorkbOxford University Pressc2006 b495cINR